Fr. Conceicao Rodrigues College of Engineering

SCSI Bus and IDE Interface (Record no. 35183)

MARC details
000 -LEADER
fixed length control field 00301nam a2200145Ia 4500
082 ## - DEWEY DECIMAL CLASSIFICATION NUMBER
Classification number 4.62
Item number SCH
100 ## - MAIN ENTRY--PERSONAL NAME
Personal name Schmitt/ Friedhelm
245 ## - TITLE STATEMENT
Title SCSI Bus and IDE Interface
260 ## - PUBLICATION, DISTRIBUTION, ETC.
Name of publisher, distributor, etc. Addison Wesly
Date of publication, distribution, etc. 1995
300 ## - PHYSICAL DESCRIPTION
Extent 301
546 ## - LANGUAGE NOTE
Language note ENGLISH
654 ## - SUBJECT ADDED ENTRY--FACETED TOPICAL TERMS
Focus term SCSI
942 ## - ADDED ENTRY ELEMENTS (KOHA)
Koha item type BOOK
Holdings
Withdrawn status Lost status Damaged status Not for loan Collection Home library Current library Date acquired Total Checkouts Full call number Barcode Date last seen Price effective from Koha item type
        CRC Fr. Agnel's C.Rodrigues College of Engineering Fr. Agnel's C.Rodrigues College of Engineering 17/03/2023   4.62 SCH 11338 17/03/2023 17/03/2023 BOOK
        CRC Fr. Agnel's C.Rodrigues College of Engineering Fr. Agnel's C.Rodrigues College of Engineering 17/03/2023   4.62 SCH 11339 17/03/2023 17/03/2023 BOOK